Time 1923 - 1998, 75 years : (Record no. 6983)

MARC details
000 -LEADER
fixed length control field 00643nam a22002177a 4500
003 - CONTROL NUMBER IDENTIFIER
control field OSt
005 - DATE AND TIME OF LATEST TRANSACTION
control field 20251206025337.0
008 - FIXED-LENGTH DATA ELEMENTS--GENERAL INFORMATION
fixed length control field 251206b |||||||| |||| 00| 0 eng d
020 ## - INTERNATIONAL STANDARD BOOK NUMBER
International Standard Book Number 1883013399
040 ## - CATALOGING SOURCE
Original cataloging agency DWC-Main lib
Transcribing agency OC
082 ## - DEWEY DECIMAL CLASSIFICATION NUMBER
Classification number GR. 909.82 K67t 1998
100 ## - MAIN ENTRY--PERSONAL NAME
Personal name Knauer, Kelly
245 ## - TITLE STATEMENT
Title Time 1923 - 1998, 75 years :
Remainder of title an anniversary celebration/
Statement of responsibility, etc. Kelly Knauer
260 ## - PUBLICATION, DISTRIBUTION, ETC.
Place of publication, distribution, etc. N.Y :
Name of publisher, distributor, etc. Time Books,
Date of publication, distribution, etc. c1998.
300 ## - PHYSICAL DESCRIPTION
Extent 169 pages :
Other physical details illustrations ;
Dimensions 28cm.
504 ## - BIBLIOGRAPHY, ETC. NOTE
Bibliography, etc. note Includes index.
650 ## - SUBJECT ADDED ENTRY--TOPICAL TERM
Topical term or geographic name entry element 1. History, Modern.
650 ## - SUBJECT ADDED ENTRY--TOPICAL TERM
Topical term or geographic name entry element 2. Magazine covers.
650 ## - SUBJECT ADDED ENTRY--TOPICAL TERM
Topical term or geographic name entry element 3. United States.
942 ## - ADDED ENTRY ELEMENTS (KOHA)
Source of classification or shelving scheme Dewey Decimal Classification
Koha item type General Reference
Call number prefix GR.
Suppress in OPAC No
952 ## - LOCATION AND ITEM INFORMATION (KOHA)
--
Holdings
Withdrawn status Lost status Source of classification or shelving scheme Damaged status Not for loan Home library Current library Shelving location Date acquired Total Checkouts Full call number Barcode Date last seen Copy number Price effective from Koha item type Uniform Resource Identifier
    Dewey Decimal Classification     College Library College Library General Reference 12/06/2025   GR. 909.82 K67t 1998 CL52753 12/06/2025 c1 12/06/2025 GR